Hledání lidí na síti
Hľadanie pracovníkov na sieti je nejpoužívanejšou formou e-personalistiky. Plusy a mínusy.
Salvato in:
| Autore principale: | |
|---|---|
| Natura: | Capitolo di libro |
| Lingua: | ceco |
| Soggetti: | |
| Tags: |
Nessun Tag, puoi essere il primo ad aggiungerne!!
|
MARC
| LEADER | 00000naa a2200000 4500 | ||
|---|---|---|---|
| 001 | 0165052 | ||
| 005 | 20231019115826.2 | ||
| 041 | 0 | |a cze | |
| 044 | |a CZ | ||
| 245 | 1 | 0 | |a Hledání lidí na síti |c Zuzana Šlapalová Čempelová |
| 520 | |a Hľadanie pracovníkov na sieti je nejpoužívanejšou formou e-personalistiky. Plusy a mínusy. | ||
| 610 | 2 | 0 | |a nábor pracovníkov |
| 610 | 2 | 0 | |a práca personálna |
| 610 | 2 | 0 | |a komunikácia elektronická |
| 610 | 2 | 0 | |a internet |
| 610 | 2 | 0 | |a inzercia |
| 100 | 1 | |a Šlapalová Čempelová, Zuzana | |